000 00717nam a22002413 4500
001 31238
003 BD-RjUL
005 20211209051657.0
008 140413t1899 stk 000 0 d
035 _a(BD-RjUL)31325
040 _aDLC
_beng
_cDLC
_dBD-RjUL
041 _aeng
082 0 4 _a230
_bCAF 1899
100 1 _aCaird, John
_d1820-1898.
_995051
245 1 4 _aThe fundamental ideas of Christianity /
_cby john Caird,
_nVolume-II
260 _aGlasgow :
_bJames maclehose and sons,
_c1899
300 _aV-2 (vii, 297 p.). ;
_c23 cm.
490 1 _aGifford lects.
690 0 0 _aTheology
_xChristian doctrine
_xGeneral
_2pre20
_976
752 _aScotland
_dGlasgow
830 0 _aGifford lects.
_995059
942 _2ddc
_cBK
999 _c31238
_d31238